The autobiography of an unknown Indian (Record no. 42090)

MARC details
000 -LEADER
fixed length control field 00326nam a2200121Ia 4500
020 ## - INTERNATIONAL STANDARD BOOK NUMBER
ISBN 8172242875
082 ## - DEWEY DECIMAL CLASSIFICATION NUMBER
Classification number 929A/Z(CHA)
Item number CHA
100 ## - MAIN ENTRY--AUTHOR NAME
Personal name Chaudhuri, N C
245 #4 - TITLE STATEMENT
Title The autobiography of an unknown Indian
260 ## - PUBLICATION, DISTRIBUTION, ETC. (IMPRINT)
Place of publication Mumbai
Name of publisher Jaico Publishing House
Year of publication 2002
942 ## - ADDED ENTRY ELEMENTS (KOHA)
Koha item type Books
Holdings
Withdrawn status Lost status Damaged status Not for loan Home library Current library Date acquired Cost, normal purchase price Full call number Accession Number Koha item type
        RRII Library RRII Library 16/12/2021 225.00 929A/Z(CHA) CHA 22367 Books